000 00496cam a2200193ua 4500
020 _c200.00
041 _aeng
_h
082 _a020
_bSHA/IN
100 _aSharma, R K .
245 _aInformation handling in libraries in 21st century /
_cR K Sharma.
_hTextual Documents
250 _a1 /
_b.
260 _aNew Delhi :
_bEss Ess Publications ,
_c1989.
300 _a145 ; .
365 _a200.00
504 _a
700 1 _aTripathi, B P .
942 _cBK
999 _c10789
_d10789